Statistiche per Presidenti delle regioni italiane

Clicka qui per fare il quiz!

Statistiche generali

  • Questo quiz è stato fatto 257 volte
    (36 dall'ultimo reset)
  • Il punteggio medio è 13 su 20

Statistiche sulle risposte

RegionePresidentePartito% Corretto
LombardiaAttilio FontanaLega
91%
VenetoLuca ZaiaLega
91%
LiguriaGiovanni TotiICT
88%
CampaniaVincenzo De LucaPD
88%
Emilia-RomagnaStefano BonacciniPD
82%
Friuli-Venezia GiuliaMassimiliano FedrigaLega
79%
PugliaMichele EmilianoIndip. csx
73%
SardegnaChristan SolinasPSd'Az
70%
PiemonteAlberto CirioFI
67%
ToscanaEugenio GianiPD
67%
SiciliaRenato SchifaniFI
61%
Trentino-Alto Adige/SüdtirolMaurizio FugattiLega
58%
UmbriaDonatella TeseiLega
55%
MarcheFrancesco AcquaroliFdI
55%
LazioFrancesco RoccaFdI
55%
BasilicataVito BardiFI
52%
AbruzzoMarco MarsilioFdI
48%
CalabriaRoberto OcchiutoFI
42%
MoliseDonato TomaFI
36%
Valle d'Aosta/Vallée d'AosteRenzo TestolinUV
30%

Distribuzione punteggi

Percentile per numero di risposta

Percentuale di utenti per punteggio

I tuoi punteggi nel tempo

Non hai fatto questo quiz dall'ultimo reset